[Event "Chigorin Memorial"]
[Site "St Petersburg"]
[Date "2015.10.05"]
[Round "3.183"]
[White "Zhemchuzhina, Elizaveta"]
[Black "Smorodkin, Kirill"]
[Result "1-0"]
[WhiteElo "1857"]
[BlackElo "1516"]
[PlyCount "105"]
[EventDate "2015.10.03"]
[EventRounds "9"]
[EventCountry "RUS"]

1. d4 Nf6 2. c4 g6 3. Nc3 Bg7 4. e4 d6 5. Nf3 O-O 6. Be2 Bg4 7. O-O Nfd7 8. Be3
Bxf3 9. Bxf3 Nc6 10. Qd2 e5 11. d5 Nd4 12. Bd1 Qe7 13. f4 Nb6 14. b3 a5 15. f5
f6 16. Bxd4 exd4 17. Qxd4 Nd7 18. Rf3 Rfe8 19. Qf2 Nf8 20. Bc2 c6 21. dxc6 bxc6
22. Rd1 Rad8 23. Qb6 Nd7 24. Qxc6 Ne5 25. Qd5+ Qf7 26. Qxf7+ Kxf7 27. fxg6+
hxg6 28. Rg3 Bh6 29. Nd5 Rc8 30. Rf1 Bg7 31. Re3 Rc6 32. Re2 a4 33. Rd1 Nd7 34.
Nc3 axb3 35. axb3 f5 36. Nb5 Re6 37. Red2 fxe4 38. Nxd6+ Kg8 39. Bxe4 Bh6 40.
Bxc6 Be3+ 41. Kf1 Rf6+ 42. Bf3 Bxd2 43. Rxd2 Ne5 44. Ne4 Rf8 45. Ke2 Kg7 46.
Rd5 Re8 47. c5 g5 48. h3 g4 49. hxg4 Nc6 50. Rd7+ Kf8 51. g5 Ne5 52. Rd6 Rb8
53. Rb6 1-0

[Event "Chigorin Memorial"]
[Site "St Petersburg"]
[Date "2015.10.05"]
[Round "3.184"]
[White "Kochetkov, Victor N"]
[Black "Biyachuev, Minkail"]
[Result "1-0"]
[WhiteElo "1853"]
[BlackElo "1437"]
[PlyCount "81"]
[EventDate "2015.10.03"]
[EventRounds "9"]
[EventCountry "RUS"]

1. Nc3 e5 2. d4 exd4 3. Qxd4 Nc6 4. Qd1 Bb4 5. a3 Ba5 6. b4 Bb6 7. e3 Nf6 8.
Nf3 d6 9. Bc4 O-O 10. Bb2 Bg4 11. h3 Bh5 12. Qd2 Bxf3 13. gxf3 Ne5 14. Be2 a5
15. b5 a4 16. f4 Ng6 17. O-O-O Bc5 18. f5 Nh4 19. Rhg1 Nxf5 20. Bd3 Ne7 21. Ne4
Ng6 22. Qc3 Qe7 23. Nxf6+ Qxf6 24. Qd2 Bxa3 25. c3 Bxb2+ 26. Kxb2 a3+ 27. Ka2
Qe6+ 28. Ka1 c5 29. f4 Nh4 30. Rg4 Nf5 31. e4 Ne7 32. Rdg1 g6 33. f5 Qf6 34.
Ka2 d5 35. exd5 Nxd5 36. fxg6 Nxc3+ 37. Kb3 c4+ 38. Bxc4 h5 39. Qh6 Qg7 40.
gxf7+ Rxf7 41. Qxg7# 1-0

[Event "Chigorin Memorial"]
[Site "St Petersburg"]
[Date "2015.10.05"]
[Round "3.185"]
[White "Prishibilovich, Matvei"]
[Black "Vorobyova, Valeriya"]
[Result "0-1"]
[WhiteElo "1409"]
[BlackElo "1850"]
[PlyCount "112"]
[EventDate "2015.10.03"]
[EventRounds "9"]
[EventCountry "RUS"]

1. d4 Nf6 2. c4 g6 3. Nc3 d5 4. Bg5 dxc4 5. e3 Bg7 6. Bxc4 O-O 7. Nf3 c5 8. Qb3
Nbd7 9. Rd1 cxd4 10. Rxd4 Qc7 11. O-O a6 12. Rfd1 Nc5 13. Qc2 Ne6 14. Bxe6 Bxe6
15. R4d2 Rac8 16. Qd3 Qa5 17. Qb1 Bg4 18. Bxf6 Bxf6 19. Nd5 Bxf3 20. Nxf6+ exf6
21. gxf3 Qh5 22. Qe4 Qb5 23. Qd3 Qa4 24. a3 Qa5 25. Qd5 Qb6 26. Qd6 Rc6 27. Qd4
Qb5 28. f4 Kg7 29. Qd5 Rc5 30. Qd7 Qb3 31. Qd3 Qe6 32. Qd7 Qe4 33. Qd4 Qc6 34.
Qd7 Qf3 35. Rd5 Rfc8 36. Qxb7 Rd8 37. Qxa6 Rcxd5 38. Rf1 Rd1 39. b4 Rxf1+ 40.
Qxf1 Rd1 41. Qxd1 Qxd1+ 42. Kg2 Qb3 43. f5 Qxa3 44. fxg6 fxg6 45. f4 Qb2+ 46.
Kf3 Qxb4 47. h4 f5 48. h5 gxh5 49. Kg3 Qe1+ 50. Kh3 Qxe3+ 51. Kh2 Qxf4+ 52. Kg2
Kg6 53. Kh3 Qg4+ 54. Kh2 f4 55. Kh1 f3 56. Kh2 Qg2# 0-1

[Event "Chigorin Memorial"]
[Site "St Petersburg"]
[Date "2015.10.06"]
[Round "4.1"]
[White "Khalifman, Alexander"]
[Black "Atabayev, Maksat"]
[Result "1-0"]
[WhiteElo "2618"]
[BlackElo "2483"]
[PlyCount "89"]
[EventDate "2015.10.03"]
[EventRounds "9"]
[EventCountry "RUS"]
[TimeControl "6000+895"]
[WhiteClock "1:19:30"]
[BlackClock "0:41:57"]

1. d4 Nf6 2. c4 e6 3. g3 d5 4. Nf3 Be7 5. Bg2 O-O 6. O-O dxc4 7. Qc2 a6 8. a4
Bd7 9. Rd1 Bc6 10. Nc3 Nbd7 11. e4 b5 12. d5 exd5 13. e5 b4 14. exf6 Nxf6 15.
Ne5 Bb7 16. Nxd5 Nxd5 17. Qxc4 Bd6 18. Nc6 Bxc6 19. Qxc6 Nf6 20. Qxa8 Qxa8 21.
Bxa8 Rxa8 22. Bf4 Bxf4 23. gxf4 Kf8 24. Rac1 Ra7 25. a5 Ke7 26. Rd4 Nd7 27.
Rxb4 c5 28. Re4+ Kd8 29. b4 cxb4 30. Rxb4 Rc7 31. Rxc7 Kxc7 32. f5 Kc6 33. f6
g6 34. Kg2 h5 35. Kg3 Kc7 36. Kh4 Nxf6 37. Rf4 Ng4 38. Rxf7+ Kc6 39. f4 Nxh2
40. Rf6+ Kb5 41. Rxg6 Kxa5 42. Kxh5 Nf3 43. f5 Ne5 44. Rd6 Nc4 45. Rd4 1-0

[Event "Chigorin Memorial"]
[Site "St Petersburg"]
[Date "2015.10.06"]
[Round "4.2"]
[White "Matinian, Nikita"]
[Black "Turov, Maxim"]
[Result "1/2-1/2"]
[WhiteElo "2473"]
[BlackElo "2609"]
[PlyCount "81"]
[EventDate "2015.10.03"]
[EventRounds "9"]
[EventCountry "RUS"]
[TimeControl "6000+1570"]
[WhiteClock "0:34:49"]
[BlackClock "0:43:33"]

1. e4 c6 2. d4 d5 3. e5 Bf5 4. h4 h5 5. Bd3 Bxd3 6. Qxd3 e6 7. Bg5 Qa5+ 8. Nd2
c5 9. dxc5 Nd7 10. Ngf3 Nxc5 11. Qe2 Ne4 12. O-O Nxd2 13. Bxd2 Qa6 14. Qxa6
bxa6 15. c4 dxc4 16. Rfc1 Rc8 17. Rc2 Bc5 18. Rac1 Bb6 19. Rxc4 Rxc4 20. Rxc4
Ne7 21. Ra4 Kd7 22. Rxa6 Nd5 23. Ra4 Rc8 24. Ne1 f6 25. exf6 gxf6 26. Kf1 e5
27. b3 Ne7 28. Be3 Nd5 29. Bxb6 axb6 30. Rc4 Rxc4 31. bxc4 Nc3 32. a3 Nb1 33.
Ke2 Nxa3 34. Kd3 Kd6 35. Kc3 b5 36. cxb5 Nxb5+ 37. Kc4 Kc6 38. g3 Nd6+ 39. Kd3
Kd5 40. Ng2 f5 41. Ne3+ 1/2-1/2

[Event "Chigorin Memorial"]
[Site "St Petersburg"]
[Date "2015.10.06"]
[Round "4.3"]
[White "Sandipan, Chanda"]
[Black "Ulko, Jaroslav"]
[Result "1-0"]
[WhiteElo "2567"]
[BlackElo "2467"]
[PlyCount "73"]
[EventDate "2015.10.03"]
[EventRounds "9"]
[EventCountry "RUS"]
[TimeControl "6000+1700"]
[WhiteClock "0:24:32"]
[BlackClock "0:02:04"]

1. e4 c5 2. Nf3 e6 3. d4 cxd4 4. Nxd4 Nc6 5. Nc3 a6 6. Be3 Nf6 7. Qd2 Qc7 8.
O-O-O Be7 9. f4 d6 10. Be2 Bd7 11. g4 d5 12. exd5 Nxd5 13. Nxd5 exd5 14. Kb1
O-O 15. Bf3 Rac8 16. h3 Rfd8 17. Bxd5 Nxd4 18. Bxd4 Ba4 19. Bb3 Bxb3 20. axb3
Bf6 21. c3 Bxd4 22. cxd4 Qb6 23. Qd3 Rd5 24. Rhe1 Rb5 25. d5 Rxb3 26. Qc2 Rd8
27. d6 g6 28. d7 Re3 29. Qc8 Rxe1 30. Rxe1 Kg7 31. Re8 Qg1+ 32. Ka2 Qd4 33.
Rxd8 Qd5+ 34. b3 Qd2+ 35. Kb1 Qd1+ 36. Qc1 Qd3+ 37. Kb2 1-0

[Event "Chigorin Memorial"]
[Site "St Petersburg"]
[Date "2015.10.06"]
[Round "4.4"]
[White "Lugovskoy, Maxim"]
[Black "Belous, Vladimir"]
[Result "1-0"]
[WhiteElo "2470"]
[BlackElo "2566"]
[PlyCount "63"]
[EventDate "2015.10.03"]
[EventRounds "9"]
[EventCountry "RUS"]
[TimeControl "6000+1025"]
[WhiteClock "0:21:43"]
[BlackClock "0:14:11"]

1. e4 c5 2. Nf3 e6 3. d4 cxd4 4. Nxd4 Nc6 5. Nc3 a6 6. Be3 Nf6 7. Qf3 Bb4 8.
Nxc6 bxc6 9. Bd3 e5 10. Qg3 O-O 11. O-O Qe7 12. Bg5 Qe6 13. Bc4 Qd6 14. Rfd1
Nh5 15. Rxd6 Nxg3 16. Rd3 Nh5 17. Na4 d5 18. exd5 cxd5 19. Bxd5 Rb8 20. a3 Ba5
21. Be7 Bf5 22. Rf3 Bxc2 23. Bxf8 Rxf8 24. Rc1 Bg6 25. b4 Bd8 26. Nc5 Bg5 27.
Re1 Nf4 28. Bc4 Rd8 29. g3 Bh5 30. Rb3 Ng6 31. Rd3 Ra8 32. h3 1-0

[Event "Chigorin Memorial"]
[Site "St Petersburg"]
[Date "2015.10.06"]
[Round "4.5"]
[White "Kalegin, Evgenij"]
[Black "Rozum, Ivan"]
[Result "0-1"]
[WhiteElo "2444"]
[BlackElo "2547"]
[PlyCount "80"]
[EventDate "2015.10.03"]
[EventRounds "9"]
[EventCountry "RUS"]
[TimeControl "6000+1025"]
[WhiteClock "0:30:53"]
[BlackClock "0:38:49"]

1. e4 c5 2. Nf3 d6 3. c3 Nf6 4. h3 Nbd7 5. Bd3 b6 6. O-O Bb7 7. Re1 Qc7 8. Bc2
Rc8 9. d3 e6 10. Bf4 Be7 11. Nbd2 b5 12. Rc1 O-O 13. Qe2 a6 14. d4 e5 15. dxe5
dxe5 16. Bh2 c4 17. Nf1 Rfe8 18. Ne3 Bf8 19. Ng4 h6 20. Rcd1 Nxg4 21. hxg4 g6
22. g5 hxg5 23. Nxg5 Nf6 24. Qf3 Qe7 25. Bg3 Nh5 26. Bh4 Rc7 27. g3 Bg7 28. Nh3
Qe6 29. g4 Nf6 30. Bxf6 Bxf6 31. g5 Be7 32. Kg2 Kg7 33. Rh1 Rh8 34. Qg3 Rcc8
35. Rd2 Rh5 36. Re2 Rch8 37. Bd1 Rh4 38. f3 R8h5 39. Re3 Rxh3 40. Rxh3 Rxg5 0-1

[Event "Chigorin Memorial"]
[Site "St Petersburg"]
[Date "2015.10.06"]
[Round "4.6"]
[White "Alekseenko, Kirill"]
[Black "Ushenina, Anna"]
[Result "1-0"]
[WhiteElo "2539"]
[BlackElo "2426"]
[PlyCount "115"]
[EventDate "2015.10.03"]
[EventRounds "9"]
[EventCountry "RUS"]
[TimeControl "6000+665"]
[WhiteClock "0:23:11"]
[BlackClock "0:16:42"]

1. e4 c5 2. Be2 Nc6 3. f4 e6 4. Nf3 d5 5. d3 dxe4 6. dxe4 Qxd1+ 7. Bxd1 b6 8.
c3 Nf6 9. Bc2 Be7 10. Be3 h6 11. h3 Ba6 12. Nbd2 O-O-O 13. Ba4 Bb7 14. O-O-O
Rhf8 15. Rhe1 Na5 16. Bc2 Ne8 17. Ne5 Nd6 18. Bg1 Nc6 19. Nef3 Na5 20. h4 Ndc4
21. h5 Nxd2 22. Nxd2 Bh4 23. Re3 Rxd2 24. Rxd2 Nc4 25. Rh3 Nxd2 26. Kxd2 Rd8+
27. Rd3 Bg3 28. Rxd8+ Kxd8 29. Be3 f5 30. exf5 exf5 31. Bxf5 Bxg2 32. Kd3 Bf3
33. Bg6 Bd5 34. c4 Bf3 35. a3 a5 36. b4 axb4 37. axb4 cxb4 38. Bxb6+ Kd7 39.
Ke3 Bg4 40. Bd4 Be6 41. c5 Bh2 42. Bxg7 Bg1+ 43. Kd3 Bxc5 44. Bxh6 b3 45. Bg7
Ba3 46. h6 b2 47. Kc2 Bg8 48. h7 Bxh7 49. Bxh7 Bd6 50. f5 Ke7 51. Bxb2 Kf7 52.
Bg6+ Kf8 53. Kd3 Bb4 54. Kc4 Be7 55. Kd5 Bb4 56. Ke6 Bc5 57. f6 Bb4 58. Bf7 1-0

[Event "Chigorin Memorial"]
[Site "St Petersburg"]
[Date "2015.10.06"]
[Round "4.7"]
[White "Baghdasaryan, Vahe"]
[Black "Timofeev, Artyom"]
[Result "0-1"]
[WhiteElo "2439"]
[BlackElo "2539"]
[PlyCount "100"]
[EventDate "2015.10.03"]
[EventRounds "9"]
[EventCountry "RUS"]
[TimeControl "6000+1775"]
[WhiteClock "0:20:35"]
[BlackClock "0:02:55"]

1. c4 Nf6 2. Nc3 d5 3. cxd5 Nxd5 4. Nf3 Nxc3 5. bxc3 g6 6. h4 h6 7. Qa4+ Qd7 8.
Qb3 Bg7 9. d4 c5 10. Ba3 b6 11. e3 O-O 12. Bb5 Qc7 13. Rc1 Bb7 14. Bd3 Nd7 15.
Rh3 Rac8 16. Bb1 e5 17. Bxg6 c4 18. Qc2 fxg6 19. Bxf8 Nxf8 20. Nxe5 Bxe5 21.
dxe5 Qxe5 22. h5 Bxg2 23. f4 Qe4 24. Rg3 Qxc2 25. Rxc2 Be4 26. Rh2 Kg7 27. hxg6
Rd8 28. Rh5 Nd7 29. a4 Re8 30. Rgh3 Nf6 31. Rb5 Kxg6 32. a5 Bc6 33. Rg3+ Kf7
34. Rf5 Bd7 35. Re5 Rxe5 36. fxe5 Ne4 37. Rf3+ Ke6 38. Rh3 bxa5 39. Rxh6+ Kxe5
40. Ra6 a4 41. Rxa7 Bc6 42. Kd1 Nxc3+ 43. Kc2 Ne4 44. Ra5+ Kd6 45. Kb2 Kc7 46.
Rf5 Nd6 47. Rh5 Ne4 48. Ka3 c3 49. Rh1 Bd5 50. Kb4 c2 0-1

[Event "Chigorin Memorial"]
[Site "St Petersburg"]
[Date "2015.10.06"]
[Round "4.8"]
[White "Eliseev, Urii"]
[Black "Smirnov, Artem"]
[Result "1/2-1/2"]
[WhiteElo "2536"]
[BlackElo "2419"]
[PlyCount "72"]
[EventDate "2015.10.03"]
[EventRounds "9"]
[EventCountry "RUS"]
[TimeControl "6000+2310"]
[WhiteClock "0:02:02"]
[BlackClock "0:01:01"]

1. e4 c5 2. Nf3 d6 3. d4 cxd4 4. Nxd4 Nf6 5. Nc3 Bd7 6. f3 e5 7. Nb3 Be7 8. Bg5
Bc6 9. Qd2 O-O 10. O-O-O Nbd7 11. Kb1 a5 12. a3 Qb8 13. h4 Rc8 14. g4 b5 15.
Nd5 Bxd5 16. exd5 Bd8 17. h5 a4 18. Nc1 b4 19. Qxb4 Qc7 20. Rh2 Rab8 21. Bb5 e4
22. Bf4 exf3 23. Bxd6 Rxb5 24. Bxc7 Rxb4 25. Bxd8 Nxg4 26. axb4 Nxh2 27. Bh4
Ng4 28. Nd3 Ne3 29. Rd2 Nxd5 30. Ne1 N7b6 31. Bf2 a3 32. bxa3 Nc3+ 33. Kc1 Na2+
34. Kb1 Nc3+ 35. Kc1 Na2+ 36. Kb1 Nc3+ 1/2-1/2

[Event "Chigorin Memorial"]
[Site "St Petersburg"]
[Date "2015.10.06"]
[Round "4.9"]
[White "Volodin, Aleksandr"]
[Black "Khanin, Semen"]
[Result "1/2-1/2"]
[WhiteElo "2491"]
[BlackElo "2359"]
[PlyCount "138"]
[EventDate "2015.10.03"]
[EventRounds "9"]
[EventCountry "RUS"]
[TimeControl "6000+1175"]
[WhiteClock "0:07:20"]
[BlackClock "0:21:12"]

1. d4 Nf6 2. g3 g6 3. Bg2 Bg7 4. e4 d6 5. Nc3 O-O 6. Nge2 e5 7. h3 c6 8. O-O b5
9. a3 Bb7 10. Be3 Nbd7 11. Qd2 Re8 12. Rad1 a6 13. g4 exd4 14. Bxd4 c5 15. Be3
b4 16. axb4 cxb4 17. Nd5 Nxe4 18. Qxb4 Bxd5 19. Rxd5 Rb8 20. Qc4 Ndf6 21. Rdd1
d5 22. Qa2 Nxf2 23. Kxf2 Nxg4+ 24. hxg4 Qh4+ 25. Kg1 Rxe3 26. Nf4 g5 27. Nxd5
Re2 28. Qa3 Qxg4 29. Qf3 Bd4+ 30. Kh1 Rxg2 31. Rxd4 Qxf3 32. Rxf3 Rxc2 33. b4
a5 34. Rg4 h6 35. bxa5 Rb5 36. Nf6+ Kg7 37. Ne8+ Kf8 38. Nd6 Rxa5 39. Rxf7+ Kg8
40. Rf1 Raa2 41. Kg1 Kg7 42. Nf5+ Kg6 43. Ne3 Re2 44. Nd5 Red2 45. Nc3 Rac2 46.
Rg3 Rb2 47. Ra1 Rb3 48. Ra6+ Kh5 49. Rh3+ Kg4 50. Re3 Rc2 51. Re4+ Kf5 52. Ra5+
Kg6 53. Ne2 Rb6 54. Re8 Rcb2 55. Raa8 Rd2 56. Kf2 Rd7 57. Kg2 Rf6 58. Ng3 Rd2+
59. Kh3 Rd3 60. Rg8+ Kf7 61. Raf8+ Ke7 62. Re8+ Kf7 63. Kg2 Rd2+ 64. Kh3 Rd3
65. Rgf8+ Kg7 66. Rxf6 Kxf6 67. Kg4 Rd4+ 68. Ne4+ Kg6 69. Re6+ Kf7 1/2-1/2

[Event "Chigorin Memorial"]
[Site "St Petersburg"]
[Date "2015.10.06"]
[Round "4.10"]
[White "Abdusattorov, Nodirbek"]
[Black "Iljiushenok, Ilia"]
[Result "1-0"]
[WhiteElo "2432"]
[BlackElo "2491"]
[PlyCount "89"]
[EventDate "2015.10.03"]
[EventRounds "9"]
[EventCountry "RUS"]
[TimeControl "6000+1410"]
[WhiteClock "0:47:07"]
[BlackClock "0:32:10"]

1. e4 e6 2. d4 d5 3. Nd2 Nf6 4. e5 Nfd7 5. Bd3 c5 6. c3 Nc6 7. Ne2 cxd4 8. cxd4
f6 9. exf6 Qxf6 10. Nf3 h6 11. O-O Bd6 12. a3 O-O 13. Bc2 Rd8 14. Qd3 Nf8 15.
Be3 Bd7 16. Qd2 Be8 17. Nf4 Rac8 18. Rfe1 a6 19. Rac1 Bf7 20. h3 Bb8 21. Bb1
Re8 22. Nd3 Nd7 23. Nh2 Bh5 24. f4 Nf8 25. Ne5 Bxe5 26. fxe5 Qh4 27. Rf1 Rc7
28. Rf4 Qd8 29. g4 Bf7 30. Rcf1 Rd7 31. g5 Qxg5+ 32. Rg4 Qh5 33. Bxh6 Bg6 34.
Rxf8+ Rxf8 35. Rxg6 Qxh3 36. Bf4 Rdf7 37. Rg3 Qh4 38. Rg4 Qd8 39. Nf3 Qa5 40.
Qh2 Rf5 41. Bxf5 Rxf5 42. Qh6 Rf7 43. Qxe6 Qa4 44. Rxg7+ Kxg7 45. Bh6+ 1-0

[Event "Chigorin Memorial"]
[Site "St Petersburg"]
[Date "2015.10.06"]
[Round "4.11"]
[White "Savitskiy, Sergey"]
[Black "Paravyan, David"]
[Result "1-0"]
[WhiteElo "2333"]
[BlackElo "2486"]
[PlyCount "127"]
[EventDate "2015.10.03"]
[EventRounds "9"]
[EventCountry "RUS"]
[TimeControl "6000+2180"]
[WhiteClock "0:07:22"]
[BlackClock "0:02:42"]

1. e4 c5 2. Nf3 Nc6 3. Bb5 e6 4. O-O Nge7 5. Re1 Nd4 6. Nxd4 cxd4 7. c3 a6 8.
Bf1 Nc6 9. a4 Bd6 10. d3 Qf6 11. cxd4 Nxd4 12. Be3 O-O 13. Nc3 Bb4 14. a5 d6
15. Ra4 Bc5 16. Rc4 e5 17. Nd5 Qd8 18. f4 f6 19. b4 Ba7 20. f5 Bd7 21. Rc7 Rf7
22. Qb1 Bc6 23. Rxf7 Kxf7 24. Qa2 Kf8 25. Be2 Bxd5 26. Qxd5 Nc2 27. Bxa7 Nxe1
28. Bb6 Qd7 29. Qb3 Rc8 30. Bd1 Qf7 31. Qb1 Rc3 32. Qb2 Rxd3 33. Qc1 Qd7 34.
Be2 Rb3 35. Qxe1 Qc6 36. Qd2 Ke7 37. Bd3 Qa4 38. Bc2 Qa1+ 39. Kf2 Rc3 40. Bd1
Rc1 41. Be2 Qc3 42. Qa2 Qc8 43. Qd5 Rc2 44. Kf3 g6 45. Bd3 Rc3 46. Ke2 Rc1 47.
Be3 Rc6 48. Kd2 Rc3 49. h4 gxf5 50. exf5 h5 51. Bb6 Rc6 52. Be4 Kf8 53. Qe6
Qxe6 54. fxe6 Rc4 55. Bxb7 Rxb4 56. Bxa6 Ke7 57. Kc3 Rb1 58. Bd3 Rc1+ 59. Kb2
Rc8 60. Be4 Kxe6 61. Bb7 Rc4 62. a6 Rb4+ 63. Ka2 Rxb6 64. Bc8+ 1-0

[Event "Chigorin Memorial"]
[Site "St Petersburg"]
[Date "2015.10.06"]
[Round "4.12"]
[White "Aleksandrov, Aleksej"]
[Black "Biriukov, Oleg V"]
[Result "1/2-1/2"]
[WhiteElo "2606"]
[BlackElo "2323"]
[PlyCount "53"]
[EventDate "2015.10.03"]
[EventRounds "9"]
[EventCountry "RUS"]
[TimeControl "6000+640"]
[WhiteClock "0:51:50"]
[BlackClock "0:39:06"]

1. d4 Nf6 2. c4 e6 3. Nc3 Bb4 4. e3 O-O 5. Nge2 d5 6. cxd5 exd5 7. a3 Bd6 8. g3
Re8 9. Bg2 c6 10. O-O Bf5 11. f3 Nbd7 12. g4 Bxg4 13. fxg4 Nxg4 14. h3 Nxe3 15.
Bxe3 Rxe3 16. Qd2 Qe7 17. Nf4 Nb6 18. Qf2 Re8 19. Nd1 Bxf4 20. Qxf4 Re6 21. b3
Nc8 22. Nf2 Nd6 23. Nd3 Rf6 24. Qe5 Re6 25. Qf4 Rf6 26. Qe5 Re6 27. Qf4 1/2-1/2

[Event "Chigorin Memorial"]
[Site "St Petersburg"]
[Date "2015.10.06"]
[Round "4.13"]
[White "Kokarev, Dmitry"]
[Black "Khusenkhojaev, Muhammad"]
[Result "0-1"]
[WhiteElo "2603"]
[BlackElo "2398"]
[PlyCount "90"]
[EventDate "2015.10.03"]
[EventRounds "9"]
[EventCountry "RUS"]

1. e4 e5 2. Nf3 Nc6 3. Bb5 a6 4. Ba4 Nf6 5. O-O Be7 6. Re1 b5 7. Bb3 d6 8. c3
O-O 9. h3 Nb8 10. d4 Nbd7 11. Nbd2 Bb7 12. Bc2 Re8 13. Nf1 Bf8 14. Ng3 g6 15.
a4 Bg7 16. Bd3 d5 17. Bg5 b4 18. c4 dxe4 19. Bxe4 Bxe4 20. Rxe4 h6 21. dxe5
hxg5 22. exf6 Nxf6 23. Rd4 Qe7 24. Qd2 c5 25. Re1 Qc7 26. Rxe8+ Rxe8 27. Rd6 g4
28. hxg4 Nxg4 29. Rxa6 Rd8 30. Qe2 Bxb2 31. Qxb2 Qxg3 32. Ra8 Qd6 33. Rxd8+
Qxd8 34. Qb3 Qf6 35. Kf1 Qa1+ 36. Ke2 Ne5 37. Nxe5 Qxe5+ 38. Qe3 Qb2+ 39. Qd2
Qe5+ 40. Qe3 Qb2+ 41. Qd2 Qb3 42. Qd8+ Kg7 43. Qd5 Qc2+ 44. Ke3 Qc3+ 45. Qd3
Qa3 0-1

[Event "Chigorin Memorial"]
[Site "St Petersburg"]
[Date "2015.10.06"]
[Round "4.14"]
[White "Kozionov, Kirill"]
[Black "Demchenko, Anton"]
[Result "0-1"]
[WhiteElo "2409"]
[BlackElo "2595"]
[PlyCount "68"]
[EventDate "2015.10.03"]
[EventRounds "9"]
[EventCountry "RUS"]

1. d4 d6 2. e4 g6 3. Nc3 Bg7 4. Be3 a6 5. h4 Nf6 6. f3 b5 7. Qd2 h5 8. Nh3 Nbd7
9. a4 b4 10. Nd5 Nxd5 11. exd5 Nf6 12. Nf4 Bf5 13. Qxb4 O-O 14. c4 e5 15. dxe6
fxe6 16. Qd2 c6 17. Be2 e5 18. Nh3 Qe7 19. Ng5 Nh7 20. d5 c5 21. g4 hxg4 22.
fxg4 Bd7 23. Nxh7 Kxh7 24. h5 e4 25. hxg6+ Kg8 26. Rh7 Qf6 27. Bh6 e3 28. Qxe3
Bxh6 29. Qxh6 Rae8 30. Rf7 Rxe2+ 31. Kxe2 Re8+ 32. Kd1 Bxg4+ 33. Kc1 Re1+ 34.
Kc2 Re2+ 0-1

[Event "Chigorin Memorial"]
[Site "St Petersburg"]
[Date "2015.10.06"]
[Round "4.15"]
[White "Sakaev, Konstantin"]
[Black "Litvinov, Maxim"]
[Result "1-0"]
[WhiteElo "2594"]
[BlackElo "2397"]
[PlyCount "69"]
[EventDate "2015.10.03"]
[EventRounds "9"]
[EventCountry "RUS"]

1. c4 Nf6 2. Nf3 e6 3. g3 d5 4. Bg2 dxc4 5. Qa4+ Bd7 6. Qxc4 Bc6 7. O-O Bd5 8.
Qa4+ Nbd7 9. Nc3 Bd6 10. e4 Bc6 11. Qc2 e5 12. d4 b6 13. Rd1 Qe7 14. dxe5 Bxe5
15. Bg5 O-O-O 16. Nd5 Bxd5 17. Rxd5 h6 18. Bxf6 gxf6 19. Qc6 Kb8 20. Rc1 Nf8
21. Bf1 Rd6 22. Rxd6 Qxd6 23. Qe8+ Kb7 24. Bb5 c5 25. Qxf7+ Kb8 26. Qe8+ Kb7
27. Nxe5 fxe5 28. Qf7+ Kb8 29. Qe8+ Kb7 30. b4 Qe6 31. Qh5 cxb4 32. Rc6 Qe7 33.
Qf5 Nh7 34. Rxh6 Qg7 35. Rd6 1-0

[Event "Chigorin Memorial"]
[Site "St Petersburg"]
[Date "2015.10.06"]
[Round "4.16"]
[White "Lobanov, Sergei"]
[Black "Amonatov, Farrukh"]
[Result "1-0"]
[WhiteElo "2394"]
[BlackElo "2591"]
[PlyCount "61"]
[EventDate "2015.10.03"]
[EventRounds "9"]
[EventCountry "RUS"]

1. e4 c5 2. Nf3 d6 3. d4 cxd4 4. Nxd4 Nf6 5. Nc3 a6 6. Be2 e5 7. Nb3 Be6 8. f4
Qc7 9. g4 h6 10. g5 hxg5 11. fxg5 Nh7 12. Bg4 Bc4 13. h4 Be7 14. Rh3 Nc6 15.
Nd5 Bxd5 16. exd5 Na5 17. Rc3 Qd8 18. Qf3 Nf8 19. Bd2 Rxh4 20. Nxa5 Qxa5 21.
Rc8+ Rxc8 22. Bxa5 Rc4 23. Bf5 g6 24. b3 Rhf4 25. Qd3 Bd8 26. Bxd8 Rcd4 27. Bb6
Rxd3 28. Bxd3 e4 29. Be2 Rf5 30. Be3 Rxd5 31. Rd1 1-0

[Event "Chigorin Memorial"]
[Site "St Petersburg"]
[Date "2015.10.06"]
[Round "4.17"]
[White "Andriasian, Zaven"]
[Black "Duzhakov, Ilya"]
[Result "1-0"]
[WhiteElo "2591"]
[BlackElo "2381"]
[PlyCount "59"]
[EventDate "2015.10.03"]
[EventRounds "9"]
[EventCountry "RUS"]

1. Nf3 Nf6 2. c4 g6 3. Nc3 d5 4. cxd5 Nxd5 5. Qb3 Nb6 6. d4 Bg7 7. Bg5 Be6 8.
Qc2 O-O 9. Rd1 Nc6 10. e3 h6 11. Bh4 Bf5 12. Qd2 g5 13. Bg3 Rc8 14. Be2 Nb4 15.
e4 Bg4 16. O-O c5 17. d5 Bxf3 18. Bxf3 Nc4 19. Qe2 Ne5 20. a3 Na6 21. Bg4 Nxg4
22. Qxg4 Qb6 23. d6 e6 24. d7 Ra8 25. e5 Nb8 26. h4 Nc6 27. hxg5 h5 28. Qxh5
Qxb2 29. Ne4 Nxe5 30. Rd2 1-0

[Event "Chigorin Memorial"]
[Site "St Petersburg"]
[Date "2015.10.06"]
[Round "4.18"]
[White "Sanzhaev, Darsen"]
[Black "Bok, Benjamin"]
[Result "1-0"]
[WhiteElo "2378"]
[BlackElo "2591"]
[PlyCount "129"]
[EventDate "2015.10.03"]
[EventRounds "9"]
[EventCountry "RUS"]

1. d4 d5 2. c4 e6 3. Nc3 c6 4. Nf3 Nf6 5. e3 Nbd7 6. Qc2 Bd6 7. Bd3 O-O 8. O-O
dxc4 9. Bxc4 b5 10. Bd3 Bb7 11. a3 h6 12. Bd2 a5 13. Kh1 Rc8 14. e4 b4 15. e5
bxc3 16. Bxc3 c5 17. exf6 Nxf6 18. Qe2 Bb8 19. Rfd1 Qc7 20. Kg1 cxd4 21. Bxd4
Bxf3 22. Qxf3 Qxh2+ 23. Kf1 e5 24. Be3 e4 25. Bxe4 Nxe4 26. Qxe4 Ba7 27. Rac1
Rce8 28. Qf3 Bxe3 29. fxe3 Re6 30. Rc6 Qe5 31. Rd5 Qxb2 32. Rxa5 Rxc6 33. Qxc6
Rd8 34. Ra8 Rxa8 35. Qxa8+ Kh7 36. Qe4+ g6 37. a4 h5 38. Qd4 Qa2 39. Kg1 g5 40.
Qf6 Qd5 41. Qf3 Qe5 42. Qxf7+ Kh6 43. Qf8+ Kg6 44. Qa3 Qa5 45. Qd6+ Kh7 46.
Qd3+ Kh6 47. Qd6+ Kh7 48. Qd1 Kh6 49. Kh1 Qc3 50. e4 Qg3 51. Qe2 Qe5 52. Qe1 h4
53. a5 Qe6 54. Qe3 Qe5 55. Qe1 Qe6 56. Qb1 Kh5 57. Qb7 Qa2 58. Qh7+ Kg4 59.
Qf5+ Kh5 60. Kh2 Qa1 61. Qf7+ Kh6 62. Qe6+ Kh5 63. a6 Qf1 64. Qd6 h3 65. g4+
1-0

[Event "Chigorin Memorial"]
[Site "St Petersburg"]
[Date "2015.10.06"]
[Round "4.19"]
[White "Esen, Baris"]
[Black "Gorbatov, Alexej"]
[Result "1-0"]
[WhiteElo "2570"]
[BlackElo "2368"]
[PlyCount "66"]
[EventDate "2015.10.03"]
[EventRounds "9"]
[EventCountry "RUS"]

1. d4 g6 2. e4 Bg7 3. Nc3 c6 4. Nf3 d5 5. h3 dxe4 6. Nxe4 Nh6 7. Bxh6 Bxh6 8.
Bc4 O-O 9. O-O Nd7 10. Re1 Nb6 11. Bb3 Nd5 12. Ne5 Bf5 13. h4 Qc7 14. Ng3 Be6
15. h5 Kg7 16. hxg6 hxg6 17. Nxg6 Kxg6 18. Qd3+ Kf6 19. Qh7 Kg5 20. Re5+ Qxe5
21. dxe5 Rh8 22. Qe4 Bg7 23. Bxd5 cxd5 24. f4+ Kh6 25. Qd3 f5 26. Nxf5+ Bxf5
27. Qxf5 Rhf8 28. Qe6+ Kh7 29. Rf1 Bh6 30. Rf3 Rg8 31. Rh3 Rg6 32. Qf7+ Rg7 33.
Qh5 Rg6 1-0

[Event "Chigorin Memorial"]
[Site "St Petersburg"]
[Date "2015.10.06"]
[Round "4.20"]
[White "Lintchevski, Daniil"]
[Black "Shevchenko, Kirill"]
[Result "1-0"]
[WhiteElo "2562"]
[BlackElo "2359"]
[PlyCount "133"]
[EventDate "2015.10.03"]
[EventRounds "9"]
[EventCountry "RUS"]

1. e4 c5 2. Nf3 d6 3. d4 cxd4 4. Nxd4 Nf6 5. Nc3 a6 6. Be3 e5 7. Nf3 Qc7 8. a4
Be7 9. Be2 O-O 10. O-O Be6 11. Ng5 Bc4 12. Bxc4 Qxc4 13. Qd3 Qxd3 14. cxd3 Nc6
15. Nf3 Nb4 16. Rad1 Ng4 17. Bc1 Rfe8 18. d4 exd4 19. Nxd4 g6 20. Nde2 Rac8 21.
Nf4 Nf6 22. f3 Rc4 23. Be3 Rec8 24. Rd2 Kf8 25. Rfd1 Ke8 26. Kf1 h5 27. h3 R8c6
28. g4 hxg4 29. hxg4 Nd7 30. Ke2 Bf6 31. Nfd5 Nxd5 32. Nxd5 Rxa4 33. Nxf6+ Nxf6
34. Rxd6 Rxd6 35. Rxd6 Nd7 36. Bd4 Ke7 37. Rd5 Rb4 38. f4 Rb3 39. g5 Ke6 40.
Bc3 b6 41. Kd3 Rb5 42. Rxb5 axb5 43. Bd4 Nb8 44. Bxb6 Nc6 45. Bc5 Na5 46. Bb4
Nc6 47. Bc3 Kd7 48. Ke2 Kd6 49. Kf3 Ke6 50. Ke3 Kd7 51. f5 Ke7 52. Kf4 Kd7 53.
Bf6 Ke8 54. Bg7 Ke7 55. Bc3 Kd7 56. Be1 Ke7 57. Bf2 Kd6 58. Bb6 Ne7 59. b4 Nc6
60. Bc5+ Kd7 61. e5 gxf5 62. Kxf5 Nd8 63. Kf6 Ke8 64. Bd6 Kd7 65. Be7 Nc6 66.
e6+ fxe6 67. Bc5 1-0